| 000 | 05124nam a22006018i 4500 | ||
|---|---|---|---|
| 001 | BDZ0057660145 | ||
| 003 | StDuBDS | ||
| 005 | 20260310112456.0 | ||
| 006 | m|||||o||d|||||||| | ||
| 007 | cr ||||||||||| | ||
| 008 | 251010s2025 flua fo 000|0 eng|d | ||
| 020 |
_a9781040518007 (PDF ebook) : _c120.00 |
||
| 040 |
_aStDuBDS _beng _erda _epn _cStDuBDS _dStDuBDSZ |
||
| 050 | 4 |
_aG70.212 _b.G5 2025 |
|
| 072 | 7 |
_aGEO _2ukslc |
|
| 072 | 7 |
_aRG _2bicssc |
|
| 072 | 7 |
_aRGC _2bicssc |
|
| 072 | 7 |
_aRB _2bicssc |
|
| 072 | 7 |
_aRGW _2bicssc |
|
| 072 | 7 |
_aRNF _2bicssc |
|
| 072 | 7 |
_aTHR _2bicssc |
|
| 072 | 7 |
_aUYT _2bicssc |
|
| 072 | 7 |
_aRG _2thema |
|
| 072 | 7 |
_aRGC _2thema |
|
| 072 | 7 |
_aRB _2thema |
|
| 072 | 7 |
_aRGW _2thema |
|
| 072 | 7 |
_aRNF _2thema |
|
| 072 | 7 |
_aTHR _2thema |
|
| 072 | 7 |
_aUYT _2thema |
|
| 082 | 0 | 4 |
_a910.285 _223 |
| 245 | 0 | 0 |
_aGlobal land-ocean geospatial applications _h[electronic resource] : _bmapping and surveying with remote sensing and GIS / _cedited by Charla M. Burnett, Biswajeet Pradhan. |
| 263 | _a202512 | ||
| 264 | 1 |
_aBoca Raton : _bCRC Press, _c2025. |
|
| 300 |
_a1 online resource (256 pages) : _billustrations (black and white, and colour) |
||
| 336 |
_atext _2rdacontent |
||
| 336 |
_astill image _2rdacontent |
||
| 337 |
_acomputer _2rdamedia |
||
| 338 |
_aonline resource _2rdacarrier |
||
| 366 |
_b20251209 _cAvailable |
||
| 505 | 0 | _a1. Introduction to Geospatial Analysis and Applications. 2. Geospatial Governance in a Global Context. 3. Smart Green Governance: Harnessing Emerging Technologies and Remote Sensing for Urban Forest Management. 4. Mapping Biodiversity: Theory, Techniques, and Lessons Learned from the Caribbean. 5. Mapping Wildlife: Integrating Technology for Habitat, Behavior and Conservation Strategies. 6. Integrating RS and Social Media for Enhanced Disaster Monitoring, Assessment, and Response: Challenges and Opportunities. 7. Innovations in Ocean and Marine Spatial Planning. 8. Participatory Mapping using GIS and RS Across Regions. 9. Energy Optimization and Innovation in GIS and Remote Sensing 10. Next-Generation Geographical Information Systems: Integrating Artificial Intelligence, Geographic Information Systems, and Satellite Imagery for Mapping and Surveying 11. Towards a Spatial Future: The Global Promise of GIS and Remote Sensing. | |
| 520 | 8 |
_aThis volume facilitates a deeper understanding of the diverse applications in mapping and surveying of GIS and remote sensing across different fields and regions, bringing forward the best practices and innovations happening worldwide. It includes real world projects, step-by-step applications, and analytical methodologies. _bThis book facilitates a deeper understanding of the diverse applications of geographic information systems (GIS) and remote sensing (RS) in land and ocean mapping and surveying across different fields and regions, bringing forward the best practices and innovations happening worldwide. It includes a variety of analytical methodologies used for managing different landscapes and ocean sites and explores how emerging technologies, like artificial intelligence, will shape the future of digital geospatial surveying and analysis. With real-world projects and step-by-step applications, this book helps professionals and students in various fields navigate these technologies effectively and stay current with the latest trends. Key Features: Provides a detailed and thorough overview of GIS and RS applications, covering principles and techniques. Explores unique insights into practices across North America, Europe, Asia, South America, Africa, and Oceania, offering a broad range of perspectives and practical solutions. Includes a range of practical applications and case studies from real-world projects that provide valuable lessons and insights from experienced professionals. Addresses emerging technologies like artificial intelligence, machine learning, unmanned aerial vehicles (UAVs), and augmented reality as applied to geospatial science. Breaks down complex concepts into easily understandable language for those new to the field while offering depth for experienced practitioners seeking to broaden their expertise. This is an ideal text for professionals working with geospatial information, mapping, and surveying who seek practical examples, innovative approaches, and awareness of emerging trends. It's suitable for geospatial data analysts, planners, environmental scientists, surveyors, disaster management professionals, logistics managers, and those who work in related fields. |
|
| 588 | _aDescription based on CIP data; resource not viewed. | ||
| 650 | 0 | _aGEOGRAPHIC INFORMATION SYSTEMS | |
| 650 | 7 |
_aGEOGRAPHY _2ukslc |
|
| 650 | 7 | _aEBOOK | |
| 650 | 7 |
_aGEOSPATIAL SURVEYING _2thema |
|
| 690 |
_aGeomatics _96242 |
||
| 700 | 1 |
_aBurnett, Charla M., _eeditor. |
|
| 700 | 1 |
_aPradhan, Biswajeet, _eeditor. |
|
| 776 | 0 | 8 |
_iPrint version : _z9781032728612 |
| 856 | 4 | 0 |
_uhttps://www.vlebooks.com/product/openreader?id=RICS&accId=9491556&isbn=9781040518007 _zAvailable via Vlebooks (email [email protected] for access) |
| 942 | _2ddc | ||
| 999 |
_c122302 _d122302 |
||